00338nam a2200133Ia 4500008004100000020001500041041001200056082001600068100001700084245004000101260003700141300000800178650001800186221030s9999 xx 000 0 und d a8178082888 aEnglish a105.23bBay aD. L. Bayles 0aE- Commerce Logistics & Fulfillment bPearson EducationaDelhic2001 a348 aMBA Computers